| 000 | 00810nam a22002177a 4500 | ||
|---|---|---|---|
| 005 | 20150918130618.0 | ||
| 008 | 130805b2011 ck ||||| |||| 00| 0 spa d | ||
| 020 | _a9789807090117 | ||
| 040 |
_aCO-BoIAVH _cCO-BoIAVH |
||
| 041 | _aspa | ||
| 044 | _ave | ||
| 082 |
_a597.0986 _bL346p |
||
| 100 | 1 | 0 | _aLasso-Alcalá, Carlos A. |
| 245 | 1 |
_aLos peces del delta del Orinoco _bDiversidad, bioecología, uso y conservación / _cCarlos A. Lasso-Alcalá y Paula Sánchez Duarte. |
|
| 260 |
_aCaracas, Venezuela _bFundación La Salle de Ciencias Naturales _bChevron C.A. Venezuela _c2011 |
||
| 300 |
_a498 p., _bil., (col), tablas. _c22 cm. |
||
| 504 | _aIncluye bibliografía e índice | ||
| 650 |
_aPeces _zOrinoco (Río, Venezuela) |
||
| 700 | _aSánchez-Duarte, Paula | ||
| 942 |
_2ddc _cLIBRO _02 |
||
| 999 |
_c7515 _d7515 |
||